A handbook on staff Notaton for indian music (Record no. 976572)

MARC details
000 -LEADER
fixed length control field 00367nam a2200133Ia 4500
008 - FIXED-LENGTH DATA ELEMENTS--GENERAL INFORMATION
fixed length control field 151001s9999||||xx |||||||||||||| ||und||
100 ## - MAIN ENTRY--PERSONAL NAME
Personal name Boatwright Howard
245 #2 - TITLE STATEMENT
Title A handbook on staff Notaton for indian music
250 ## - EDITION STATEMENT
Edition statement 1
260 ## - PUBLICATION, DISTRIBUTION, ETC. (IMPRINT)
Name of publisher, distributor, etc Bharatiya Vidye Bhavan
260 ## - PUBLICATION, DISTRIBUTION, ETC. (IMPRINT)
Date of publication, distribution, etc 1960
300 ## - PHYSICAL DESCRIPTION
Extent 56
365 ## - TRADE PRICE
Price amount 25

No items available.